|
|
|
|
| LEADER |
01057nam a2200313 a 4500 |
| 001 |
000020837 |
| 003 |
CZ BrMZK |
| 005 |
20220204090847.0 |
| 007 |
ta |
| 008 |
950313s1995 xr g j cze d |
| 015 |
|
|
|a cnb000104203
|
| 020 |
|
|
|a 80-237-2069-4
|
| 040 |
|
|
|a BOA001
|b cze
|
| 072 |
|
7 |
|a 821-31/-34
|x Milostná, dobrodružná, fantastická próza
|2 Konspekt
|9 25
|
| 080 |
|
|
|a 821-322.5
|2 MRF
|
| 080 |
|
|
|a (0:82-322.5)
|2 MRF
|
| 100 |
1 |
|
|a Vydra, Milan
|7 mzk2013782628
|4 aut
|
| 245 |
1 |
0 |
|a Splněná přísaha /
|c Milan Vydra ; upravila Alena Tannerová
|
| 250 |
|
|
|a Vyd. 2., upr.
|
| 260 |
|
|
|a Praha :
|b I. Železný,
|c 1995
|
| 300 |
|
|
|a 60 s. ;
|c 18 cm
|
| 490 |
1 |
|
|a Cesta za štěstím ;
|v 184 (17/95)
|
| 490 |
1 |
|
|a Knihovnička Večerů pod lampou ;
|v 1587
|
| 655 |
|
7 |
|a milostné povídky
|7 fd132834
|2 czenas
|
| 830 |
|
0 |
|a Cesta za štěstím
|
| 830 |
|
0 |
|a Knihovnička Večerů pod lampou
|0 s
|
| 910 |
|
|
|a BOA001
|b 1-1008.771
|
| 990 |
|
|
|a BK
|
| 996 |
6 |
|
|b 2610021121
|c 1-1008.771
|l MZK
|r Sklad / do 1 hodiny
|n 0
|p p.v.
|w 000020837
|u 000010
|a 1
|e BOA001
|j MZK50
|s P
|